Women, peace, and security : global context and U.S. policy /

Bibliographic Details
Main Author: Blanchfield, Luisa (Author)
Format: Government Document Database
Language:English
Published: [Washington, D.C.] : Congressional Research Service, 2023-
Edition:[Library of Congress public edition].
Series:In focus (Library of Congress. Congressional Research Service) ; IF12346.
Subjects:
Online Access:https://purl.fdlp.gov/GPO/gpo218431

MARC

Tag First Indicator Second Indicator Subfields
LEADER 00000nai a2200000 i 4500
001 in00004761821
006 m o d f
007 cr |||||||||||
008 231101c20239999dcu x w ob f0 2eng c
005 20231213203712.0
010 |a 2023236580 
035 |a (OCoLC)on1407068680 
040 |a GPO  |b eng  |e rda  |e pn  |c GPO  |d MvI 
042 |a pcc 
043 |a n-us--- 
049 |a WWW 
074 |a 0807-A-09 (online) 
086 0 |a LC 14.24:IF 12346/ 
100 1 |a Blanchfield, Luisa,  |0 https://id.loc.gov/authorities/names/no2008106325  |e author. 
245 1 0 |a Women, peace, and security :  |b global context and U.S. policy /  |c Luisa Blanchfield. 
250 |a [Library of Congress public edition]. 
264 1 |a [Washington, D.C.] :  |b Congressional Research Service,  |c 2023- 
300 |a 1 online resource. 
310 |a Updated irregularly 
336 |a text  |b txt  |2 rdacontent 
337 |a computer  |2 rdamedia 
338 |a online resource  |b cr  |2 rdacarrier 
490 1 |a IF ;  |v 12346 
500 |a The CRS web page provides access to all versions published since 2018 in accordance with P.L. 115-141. 
500 |a In scope of the U.S. Government Publishing Office Cataloging and Indexing Program (C&I) and Federal Depository Library Program (FDLP). 
500 |a GPO Cataloging Record Distribution Program (CRDP). 
504 |a Report includes bibliographical references. 
588 0 |a Contents viewed on Nov. 1, 2023; title from CRS web page. 
650 0 |a Women and peace.  |0 https://id.loc.gov/authorities/subjects/sh85147431 
650 0 |a Women and human security.  |0 https://id.loc.gov/authorities/subjects/sh2009009689 
650 0 |a Women  |x Violence against  |x Prevention  |x International cooperation. 
610 2 0 |a United Nations.  |b Security Council.  |t Resolution 1325.  |0 https://id.loc.gov/authorities/names/n2010030279 
650 0 |a Women  |x Government policy  |z United States. 
710 2 |a Library of Congress.  |b Congressional Research Service,  |0 https://id.loc.gov/authorities/names/n79061321  |e issuing body. 
773 0 8 |i Contained in (work):  |t CRS reports (Library of Congress. Congressional Research Service)  |w (DLC) 2018231131  |w (OCoLC)1052784408 
830 0 |a In focus (Library of Congress. Congressional Research Service) ;  |0 https://id.loc.gov/authorities/names/no2019061270  |v IF12346. 
856 4 0 |u https://purl.fdlp.gov/GPO/gpo218431  |t 0 
999 f f |s a60f7f49-86d4-43b1-adc6-0861b4b0a6b6  |i a2e96f94-c321-4e0c-b988-a664a065ef83  |t 0 
952 f f |a Texas A&M University  |b College Station  |c Electronic Resources  |d Available Online  |t 0  |e LC 14.24:IF 12346/  |h Superintendent of Documents classification 
998 f f |a LC 14.24:IF 12346/  |t 0  |l Available Online